[Event "Berlin Lichtenrade op 15th"]
[Site "Berlin"]
[Date "2019.10.12"]
[Round "1"]
[White "Froehlich, Sergej"]
[Black "Holinka, Henning"]
[Result "0-1"]
[WhiteElo "1763"]
[BlackElo "2101"]
[PlyCount "54"]
[EventDate "2019.10.12"]
[EventType "swiss"]
[EventRounds "9"]
[EventCountry "GER"]
[SourceTitle "CBM 195 Extra"]
[Source "ChessBase"]
[SourceDate "2020.05.31"]
[SourceVersion "1"]
[SourceVersionDate "2020.05.31"]
[SourceQuality "1"]

1. d4 g6 2. Nf3 Bg7 3. Bf4 d6 4. Nc3 Nd7 5. e4 a6 6. g3 b5 7. Bg2 Bb7 8. d5 Ngf6 9. Nd2 c5 10. 0-0 0-0 11. Rb1 Nh5 12. Be3 e5 13. f4 exf4 14. gxf4 Ndf6 15. Qf3 Re8 16. Bf2 b4 17. Ne2 Bh6 18. Kh1 Qe7 19. Rbe1 Nxe4 20. Nxe4 Bxd5 21. N2g3 Nxf4 22. Nf5 gxf5 23. Qg3+ Kh8 24. Be3 Nxg2 25. Bxh6 Rg8 26. Qxd6 Qxd6 27. Nxd6 Nxe1+ 0-1